Diccionario griego-español / (Record no. 102468)

MARC details
000 -LEADER
campo de control de longitud fija 00724nam a2200205 i 4500
001 - NÚMERO DE CONTROL
campo de control 102468
003 - IDENTIFICADOR DE NÚMERO DE CONTROL
campo de control ES-MaACL
005 - FECHA Y HORA DE LA ÚLTIMA TRANSACCIÓN
campo de control 20230906183121.0
007 - CAMPO FIJO DE DESCRIPCIÓN FÍSICA--INFORMACIÓN GENERAL
campo de control de longitud fija t|
008 - DATOS DE LONGITUD FIJA--INFORMACIÓN GENERAL
campo de control de longitud fija 051111s1959 sp ||||1| spa d
100 1# - ENTRADA PRINCIPAL--NOMBRE DE PERSONA
Nombre de persona Mendizábal, Rufo.
9 (RLIN) 80219
245 10 - MENCIÓN DEL TÍTULO
Título Diccionario griego-español /
Mención de responsabilidad, etc. bajo la dirección Rufo Mendizábal S. I.; ilustrado por los profesores del Colegio de Loyola C. Pérez Picón S. I., F. Ibiricu, M. Muguruza S. I.
250 ## - MENCION DE EDICION
Mención de edición 4ª ed.
260 ## - PUBLICACIÓN, DISTRIBUCIÓN, ETC.
Lugar de publicación, distribución, etc. Madrid :
Nombre del editor, distribuidor, etc. Razón y fe,
Fecha de publicación, distribución, etc. 1959.
300 ## - DESCRIPCIÓN FÍSICA
Extensión 627 p., 5 map. :
Otras características físicas il. ;
Dimensiones 21 cm.
700 1# - ENTRADA AGREGADA--NOMBRE PERSONAL
Nombre de persona Pérez Picón, Conrado.
9 (RLIN) 91083
700 1# - ENTRADA AGREGADA--NOMBRE PERSONAL
Nombre de persona Ibiricu, Francisco.
9 (RLIN) 64991
700 1# - ENTRADA AGREGADA--NOMBRE PERSONAL
Nombre de persona Muguruza, M.
9 (RLIN) 84078
852 ## - LOCALIZACIÓN
Ubicación ES-MaACL
Número de control de estantería C-21446
Sublocalización o colección R.50078
Holdings
Estatus retirado Estado de pérdida Estado de daño No para préstamo Colección Biblioteca de origen Biblioteca actual Ubicación en estantería Fecha de adquisición Fuente de adquisición Total de préstamos Signatura topográfica completa Código de barras Visto por última vez Precio de reemplazo Tipo de ítem Koha
        Colección de referencia Biblioteca del Ateneo de Madrid Biblioteca del Ateneo de Madrid Galería 17/01/2008     C-21446 1106964 23/02/2023 23/02/2023 Libro impreso